Minecraft - Guess the Effects by Picture - Statistics

General Stats
  • This quiz has been taken 106 times
    8 since last reset
  • The average score is 26 of 41
Answer Stats
Picture Answer % Correct
Haste
100%
Invisibility
100%
Nausea
100%
Night Vision
100%
Regeneration
100%
Speed
100%
Water Breathing
100%
Blindness
88%
Fire Resistance
88%
Resistance
88%
Hunger
75%
Poison
75%
Bad Luck
63%
Darkness
63%
Dolphin's Grace
63%
Glowing
63%
Hero of the Village
63%
Infested
63%
Jump Boost
63%
Levitation
63%
Luck
63%
Mining Fatigue
63%
Slow Falling
63%
Slowness
63%
Strength
63%
Weakness
63%
Wither
63%
Absorption
50%
Bad Omen
50%
Conduit Power
50%
Fatal Poison
50%
Breath of the Nautilus
38%
Instant Damage
38%
Instant Health
38%
Oozing
38%
Raid Omen
38%
Saturation
38%
Trial Omen
38%
Weaving
38%
Wind Charged
38%
Health Boost
25%
No matching quizzes found
Score Distribution
Percent of People with Each Score
Percentile by Number Answered
Your Score History
You have not taken this quiz since the last reset